00496nam a2200181 a 4500001001300000003000900013005001700022008004100039020002100080082002100101100002300122245002500145260003800170300000900208500003500217505003900252700002300291nice12345678IN_TiNIC20260116015027.0050524s1996 cala grp 000 0 eng  a1888212020 c000a281.9092273bNIE aNieuwsma, Virginia aOur Hearts`true Home aCaliforniabConciliar Pressc1996 a278p aincludes index and biblioraphy2 aIndex, Index of Biblical Citations1 aNieuwsma, Virginia